Yeni imparatorluk çağı / (Kayıt no. 10322)
[ düz görünüm ]
| 000 -BAŞLIK | |
|---|---|
| Sabit Uzunluktaki Kontrol Alanı | 01566nam a22002417a 4500 |
| 003 - KONTROL NUMARASI KİMLİĞİ | |
| Kontrol Alanı | KOHA_MİRAKIL |
| 005 - EN SON İŞLEM TARİHİ ve ZAMANI | |
| Kontrol Alanı | 20260424105821.0 |
| 008 - SABİT UZUNLUKTAKİ VERİ ÖGELERİ - GENEL BİLGİ | |
| Sabit Alan | 260421b tu ||||| |||| 00| 0 tur d |
| 020 ## - ISBN - ULUSLARARASI STANDART KİTAP NUMARASI | |
| Isbn | 9789754687125 |
| 040 ## - KATALOGLAMA KAYNAĞI | |
| Özgün Kataloglama Kurumu | TR-AnABB |
| Kataloglama Dili | tur |
| Çeviri Kurumu | TR-AnABB |
| 041 ## - DİL KODU | |
| Metin ya da ses kaydının dil kodu | tur |
| 082 ## - DEWEY ONU SINIFLAMA SİSTEMİ | |
| Sınıflama Numarası | 327.101 |
| Cutter numarası | KAY 2008 |
| 100 1# - KİŞİ ADI | |
| Yazar Adı (Kişi adı) | Kayıkçı, Murat |
| 245 10 - ESER ADI BİLDİRİMİ | |
| Başlık | Yeni imparatorluk çağı / |
| Sorumluluk Bildirimi | editör: Murat Kayıkçı, R. Özgür Dönmez |
| 260 ## - YAYIN, DAĞITIM, VB. | |
| Yayın Yeri | İstanbul : |
| Yayınevi | Say Yayınları, |
| Yayın Tarihi | 2008 |
| 300 ## - FİZİKSEL TANIMLAMA | |
| Sayfa, Cilt vb. | 422 sayfa ; |
| Boyutları | 20 cm |
| 500 ## - GENEL NOT | |
| Genel Not | Yeni İmparatorluk Çağı'nın Düşündürdükleri / Prof. Dr. Ruşen Keleş |
| 505 ## - İÇİNDEKİLER NOTU | |
| İçindekiler Notu | İçindekiler: Yeni İmparatorluk çağı: Bir tartışma çerçevesinin Türkiye Üzerine düşündürdükleri - Küresel Çevre sorunlarına sahip İmparatorluk'ta Çoklukla bir çıkış yolu aramak : eleştirel bir değerlendirme - YÖnetimin arkeolojisi ve imparatorluklar - Uluslararası hukuk(t)a Neler oluyor ? - Küreselleşme, Hegomanya mücadelesi ve ekonomik güç - Küreselleşme, imparatorluk ve etnisite - Görünen gerçekten görünmeyen gerçeğe doğru kitle iletişim araçları ya da gerçekliğin öteki kurgusu - Bush iktidarı ve imparatorluk sarmalındaki Amerikan Dış Politikası - Küreselleşme Sürecinde emperyalizm ve yerel yönetimler - İmparatorluk ve şiddetin olağanlaşması -Yeni İmparatorluk Çağı'nın Düşündürdükleri |
| 650 04 - KONU BAŞLIĞI EK GİRİŞ - KONU TERİMİ | |
| Konusal terim veya coğrafi ad | Uluslararası ilişkiler, felsefe ve kuram |
| 650 04 - KONU BAŞLIĞI EK GİRİŞ - KONU TERİMİ | |
| Konusal terim veya coğrafi ad | Uluslararası ilişkiler |
| 900 ## - YEREL BİLGİ | |
| Kontrol | Can ÇELIK |
| 942 ## - EK GİRİŞ ÖGELERİ (KOHA) | |
| Sınıflama Kaynağı | Dewey Decimal Classification |
| Materyal Türü | Kitap |
| Geri Çekilme Durumu | Kayıp Durumu | Sınıflandırma Kaynağı | Kredi için değil | Kalıcı Konum | Mevcut Konum | Kayıt Tarih | Toplam Ödünçverme | Yer Numarası | Demirbaş Numarası | Son Görülme Tarihi | Fatura Tarihi | Materyal Türü |
|---|---|---|---|---|---|---|---|---|---|---|---|---|
| Dewey Decimal Classification | Prof. Dr. Ruşen Keleş Kütüphanesi | Prof. Dr. Ruşen Keleş Kütüphanesi | 21/04/2026 | 327.101 KAY 2008 | RK7228 | 21/04/2026 | 21/04/2026 | Kitap |
